Architectural details from Victorian homes / (Record no. 18984)

000 -LEADER
fixed length control field 01369cam a22003134a 4500
001 - CONTROL NUMBER
control field 13153690
005 - DATE AND TIME OF LATEST TRANSACTION
control field 20170114114811.0
008 - FIXED-LENGTH DATA ELEMENTS--GENERAL INFORMATION
fixed length control field 030409s2003 paua 000 0 eng
010 ## - LIBRARY OF CONGRESS CONTROL NUMBER
LC control number 2003008373
020 ## - INTERNATIONAL STANDARD BOOK NUMBER
International Standard Book Number 0764318292
040 ## - CATALOGING SOURCE
Original cataloging agency DLC
Transcribing agency DLC
Modifying agency DLC
042 ## - AUTHENTICATION CODE
Authentication code pcc
043 ## - GEOGRAPHIC AREA CODE
Geographic area code n-us---
050 00 - LIBRARY OF CONGRESS CALL NUMBER
Classification number NA7207 .S34 2003
100 1# - MAIN ENTRY--PERSONAL NAME
Personal name Schuler, Stanley.
245 10 - TITLE STATEMENT
Title Architectural details from Victorian homes /
Statement of responsibility, etc. by Stanley Schuler.
260 ## - PUBLICATION, DISTRIBUTION, ETC. (IMPRINT)
Place of publication, distribution, etc. Atglen, PA :
Name of publisher, distributor, etc. Schiffer Pub.,
Date of publication, distribution, etc. c2003.
300 ## - PHYSICAL DESCRIPTION
Extent 208 p. :
Other physical details ill. (some col.) ;
Dimensions 29 cm.
440 #2 - SERIES STATEMENT/ADDED ENTRY--TITLE
Title A Schiffer design book
505 0# - FORMATTED CONTENTS NOTE
Formatted contents note Styles of Victorian architecture -- Towers -- Gingerbread -- Roofs and chimneys -- Windows -- Porches and entrances -- Siding -- Interior details.
650 #0 - SUBJECT ADDED ENTRY--TOPICAL TERM
Topical term or geographic name as entry element Architecture, Victorian
Geographic subdivision United States.
650 #0 - SUBJECT ADDED ENTRY--TOPICAL TERM
Topical term or geographic name as entry element Architecture, Domestic
Geographic subdivision United States.
650 #0 - SUBJECT ADDED ENTRY--TOPICAL TERM
Topical term or geographic name as entry element Architecture
General subdivision Details.
856 41 - ELECTRONIC LOCATION AND ACCESS
Materials specified Table of contents
Uniform Resource Identifier <a href="http://www.loc.gov/catdir/toc/ecip042/2003008373.html">http://www.loc.gov/catdir/toc/ecip042/2003008373.html</a>
942 ## - ADDED ENTRY ELEMENTS (KOHA)
Source of classification or shelving scheme
Koha item type Hard Covered Materials
Classification part NA7207 .S34 2003
Holdings
Withdrawn status Lost status Source of classification or shelving scheme Damaged status Not for loan Home library Current library Shelving location Date acquired Source of acquisition Total Checkouts Full call number Barcode Date last seen Price effective from Koha item type
          MACHAKOS UNIVERSITY LIBRARY MACHAKOS UNIVERSITY LIBRARY Technical section 14/01/2017 Donation (BFA)   NA7207 .S34 2003 29567 20/07/2018 14/01/2017 Hard Covered Materials
© Machakos University Library, Along The Highway, Machakos Wote Rd, Machakos, Kenya P.O. Box 136 - 90100 Machakos - Kenya

Tel: ( +254 ) 723 805829 OR Fax : 044-20353 OR Email: library@mksu.ac.ke